Datum a čas kvízu
32.5
Celkem bodů
Celkový počet nahraných bodů na tomto kvízu bez doplňovacích otázek.
4.
Pořadí na kvízu
Konečné umístění týmu na tomto kvízu.
Zaznamenané odpovědi
| # | Otázka | Odpověď | Body | Výsledky |
|---|---|---|---|---|
| 1. | Na české území se po více než... | Jan Žižka | 1 | |
| 2. | Radní nizozemského města Haag... | C) reklama na cokoli souvisejícího s fosilními palivy | 0 | |
| 3. | Který zpěvák si v utajení vzal... | Richard Müller | 1 | |
| 4. | „Končíme s homeoffice,“ dozvěd... | Amazon | 1 | |
| 5. | Švýcarská tenistka se slovensk... | Belinda Bencic | 1 | |
| 6. | Evropský den jazyků se slaví k... | 1A 2C 3B 4D | 1 | |
| 7. | Kašubština patří mezi jazyky: | C | 0 | |
| 8. | Sedila, tedy háček pod písmene... | C | 0 | |
| 9. | Vrcholný představitel ruského... | Fjodor Michajlovič Dostojevskij | 0 | |
| 10. | Kterým slovem na pět písmen se... | Banát | 1 |